<?xml version="1.0" encoding="UTF-8"?><marc:collection xmlns:marc="http://www.loc.gov/MARC21/slim">
  <marc:record>
    <marc:leader>01888nam a2200349uu 4500</marc:leader>
    <marc:controlfield tag="001">kobvindex_ZBW08137626</marc:controlfield>
    <marc:controlfield tag="003">DE-602</marc:controlfield>
    <marc:controlfield tag="005">20231007173045.0</marc:controlfield>
    <marc:controlfield tag="007">tu</marc:controlfield>
    <marc:controlfield tag="008">100927s2010    ||||||||||||||||||||ger||</marc:controlfield>
    <marc:datafield tag="020" ind1=" " ind2=" ">
      <marc:subfield code="a">9783939347156</marc:subfield>
      <marc:subfield code="9">978-3-939347-15-6</marc:subfield>
    </marc:datafield>
    <marc:datafield tag="035" ind1=" " ind2=" ">
      <marc:subfield code="a">(DE-599)KBVZBW08137626</marc:subfield>
    </marc:datafield>
    <marc:datafield tag="040" ind1=" " ind2=" ">
      <marc:subfield code="a">DE-602</marc:subfield>
    </marc:datafield>
    <marc:datafield tag="041" ind1=" " ind2=" ">
      <marc:subfield code="a">ger</marc:subfield>
    </marc:datafield>
    <marc:datafield tag="044" ind1=" " ind2=" ">
      <marc:subfield code="c">XA-DE</marc:subfield>
    </marc:datafield>
    <marc:datafield tag="049" ind1=" " ind2=" ">
      <marc:subfield code="a">DE-287;08137626</marc:subfield>
    </marc:datafield>
    <marc:datafield tag="245" ind1="1" ind2="0">
      <marc:subfield code="a">Empfehlungen für die Probenahme zur Gefahrenabwehr im Bevölkerungsschutz</marc:subfield>
      <marc:subfield code="b">zur Analytik von chemischen, biologischen und radioaktiven Kontaminationen</marc:subfield>
      <marc:subfield code="c">Udo Bachmann ...</marc:subfield>
    </marc:datafield>
    <marc:datafield tag="260" ind1="3" ind2=" ">
      <marc:subfield code="a">Bonn</marc:subfield>
      <marc:subfield code="b">Deutschland. Bundesamt für Bevölkerungsschutz und Katastrophenhilfe</marc:subfield>
      <marc:subfield code="c">2010</marc:subfield>
    </marc:datafield>
    <marc:datafield tag="300" ind1=" " ind2=" ">
      <marc:subfield code="a">180  Seiten</marc:subfield>
      <marc:subfield code="b">Ill.</marc:subfield>
      <marc:subfield code="e">1 Beil.</marc:subfield>
    </marc:datafield>
    <marc:datafield tag="490" ind1="1" ind2=" ">
      <marc:subfield code="a">Forschung im Bevölkerungsschutz</marc:subfield>
      <marc:subfield code="v">5</marc:subfield>
    </marc:datafield>
    <marc:datafield tag="520" ind1="3" ind2=" ">
      <marc:subfield code="a">Diese Empfehlung zur CBRN-Probenahme wurde in Zusammenarbeit mit Vertretern verschiedener Facheinrichtungen sowie Vertretern aus dem Feuerwehrbereich vom Bundesamt für Bevölkerungsschutz und Katastrophenhilfe erstellt. In diesem Handbuch wird allgemein über eine CBRN-Probenahme bzw dem Schutz vor CBRN-Gefahren geschrieben. "CBRN-Gefahren" sind gleichbedeutend mit dem Begriff "ABC-Gefahren". Beiliegend ist die Kurzanleitung für die CBRN-Probenahme. (MOD)</marc:subfield>
    </marc:datafield>
    <marc:datafield tag="650" ind1=" " ind2="7">
      <marc:subfield code="a">ABC-Schutz</marc:subfield>
      <marc:subfield code="0">(DE-XXX)00001786</marc:subfield>
      <marc:subfield code="2">local</marc:subfield>
    </marc:datafield>
    <marc:datafield tag="650" ind1=" " ind2="7">
      <marc:subfield code="a">Chemische Kontamination</marc:subfield>
      <marc:subfield code="0">(DE-XXX)00003427</marc:subfield>
      <marc:subfield code="2">local</marc:subfield>
    </marc:datafield>
    <marc:datafield tag="650" ind1=" " ind2="7">
      <marc:subfield code="a">Mikrobielle Kontamination</marc:subfield>
      <marc:subfield code="0">(DE-XXX)00049682</marc:subfield>
      <marc:subfield code="0">(DE-588)4169805-8</marc:subfield>
      <marc:subfield code="2">gnd</marc:subfield>
    </marc:datafield>
    <marc:datafield tag="650" ind1=" " ind2="7">
      <marc:subfield code="a">Verstrahlung</marc:subfield>
      <marc:subfield code="0">(DE-XXX)00022142</marc:subfield>
      <marc:subfield code="0">(DE-588)4057817-3</marc:subfield>
      <marc:subfield code="2">gnd</marc:subfield>
    </marc:datafield>
    <marc:datafield tag="650" ind1=" " ind2="7">
      <marc:subfield code="a">Zivilschutz</marc:subfield>
      <marc:subfield code="0">(DE-XXX)00023711</marc:subfield>
      <marc:subfield code="0">(DE-588)4067915-9</marc:subfield>
      <marc:subfield code="2">gnd</marc:subfield>
    </marc:datafield>
    <marc:datafield tag="650" ind1=" " ind2="7">
      <marc:subfield code="a">Gefahrenabwehr</marc:subfield>
      <marc:subfield code="0">(DE-XXX)00007413</marc:subfield>
      <marc:subfield code="0">(DE-588)4113681-0</marc:subfield>
      <marc:subfield code="2">gnd</marc:subfield>
    </marc:datafield>
    <marc:datafield tag="700" ind1="1" ind2=" ">
      <marc:subfield code="0">(DE-588)136112994</marc:subfield>
      <marc:subfield code="0">(DE-XXX)08050116</marc:subfield>
      <marc:subfield code="a">Bachmann, Udo</marc:subfield>
      <marc:subfield code="4">oth</marc:subfield>
    </marc:datafield>
    <marc:datafield tag="830" ind1=" " ind2="0">
      <marc:subfield code="a">Forschung im Bevölkerungsschutz</marc:subfield>
      <marc:subfield code="v">5</marc:subfield>
      <marc:subfield code="w">(DE-XXX)08121363</marc:subfield>
      <marc:subfield code="9">15</marc:subfield>
    </marc:datafield>
    <marc:datafield tag="852" ind1=" " ind2=" ">
      <marc:subfield code="a">287 ZInfoABw</marc:subfield>
    </marc:datafield>
    <marc:datafield tag="900" ind1=" " ind2=" ">
      <marc:subfield code="a">DE-287</marc:subfield>
      <marc:subfield code="b">08137626</marc:subfield>
    </marc:datafield>
    <marc:datafield tag="924" ind1=" " ind2=" ">
      <marc:subfield code="a">08137626</marc:subfield>
      <marc:subfield code="b">DE-287</marc:subfield>
      <marc:subfield code="c">KOBV</marc:subfield>
      <marc:subfield code="d">c</marc:subfield>
      <marc:subfield code="c">KOBV</marc:subfield>
    </marc:datafield>
  </marc:record>
</marc:collection>
